000 00182nam a2200085 4500
001 1258555
005 20260312191421.0
245 _aSÖZ
_cKAHRAMAN TAZEOĞLU
260 _bDESTEK YAYINLARI
999 _c1258555
_d1258555